Modelos y moldes para fundición

Bibliographic Details
Main Author: Deslandes, Fernand
Format: Section = Libro
Language:Undetermined
Spanish
Published: México Hispano-Americana 1966
Subjects:
LEADER 00554nam a2200193Ia 4500
008 240829s9999 xx 000 0 und d
040 |a BIBLIOTECA-RUPAP 671.2 D461 
041 |a spa 
082 |a 671.2 D461 
100 1 |a Deslandes, Fernand  
245 1 0 |a Modelos y moldes para fundición 
260 |a México  |b Hispano-Americana  |c 1966 
300 |a 343 p. :il. 
650 7 |a FUNDICION 
650 7 |b  MODELOS DE FUNCION-FABRICACION 
650 7 |c  MOLDEO FUNDICION. I. Vandenberghe, León, coaut. II. Tít. 
942 |c BK  |2 ddc 
991 |a TEXTO 
999 |c 10105